000 00267 a2200097 4500
001 52979
100 _aStuckenbruck Linn C
245 _aImplementation of Project Management:The Professional Handbook
260 _aLondon
_bAddition Wesley
_c
090 _c33307
_d33307
942 _aNUST-CAE
_cM
_c25900
999 _c288052
_d288052